000 00735nam a22002537a 4500
003 UA-OsUOA
001 64216
007 ta
008 20091103b un ||||| |||| 00| 0 ukr d
100 _aКонопницкая М.
700 _aПройслер О.
700 _aКрюс Дж.
090 _a821.161.1
_bК64
942 _cBK
040 _aUA-OsUOA
_brus
_cUA-OsUOA
_dUA-OsUOA
245 _aО гномах и сиротке Марысе. Крабат. Мой прадедушка, герои и я.
300 _a432 с.
955 _a3
041 _arus
080 _a821.161.1
260 _aМ.
_bПравда
_c1988
650 7 _a82 Література. Літературознавство
_2UDC
999 _c350255
_d350255